000 00350nam a22001217a 4500
999 _c4656
_d4656
008 250307b ||||| |||| 00| 0 eng d
020 _a9780746077184
082 _aE FIC COX
100 _aCOX,PHIL ROXBEE
_eAUTHOR
245 _aBIG PIG ON A DIG
260 _aUSBORNE HOUSE,83-85 SAFFRON HILL,LONDON EC1N 8RT
_bUSBORNE PUBLISHING LTD
_c2006
942 _2ddc